000 00728nam a22002297a 4500
999 _c4514
_d4514
003 AR-CdUCM
008 190308b ||||| |||| 00| 0 eng d
020 _a84-499-6868-2
040 _aMUNICIPALIDAD PROVINCIAL DEL CUSCO
_cBIBLIOTECA MUNICIPAL DEL CUSCO
082 _a891.857 /
_bM58
100 _aMilosz, Czeslaw
_914156
245 _aEl poder cambia de manos /
260 _aBuenos Aires :
_bEdiciones Orbis,
_bHyspamerica ediciones,
_c1984.
300 _a236 páginas ;
_c20 cm.
440 _aLos premios Nobel.
_n32
_914157
650 _aNovelas polacas
_911399
650 _aSiglo XX
_98
650 _aTraducciones al español
_91053
700 _aVázquez Zamora, Rafael
_914158
942 _2ddc
_cLIBROS
945 _azta